Statistics for Skeletal System Quiz

Click here to take the quiz!

General Stats

  • This quiz has been taken 98 times
  • The average score is 4 of 5

Answer Stats

QuestionAnswer% Correct
What is the CraniumThe skull that protect the brain
94%
What is the FibulaCalf Bone to the side of the tibia
84%
What is the Femur ( science answers only) there are 2 answers that are true but only one is the one i am looking for.Femur bone is the largest bone in the body that connects together with another bone to form a hip joint.
79%
What does the kidney do?the kidney receives blood from the paired renal arteries.
68%
What is the humerus (Definition)bone that runs from shoulder to elbow
47%

Score Distribution

Percentile by Number Answered

Percent of People with Each Score

Your Score History

You have not taken this quiz